000 00446nam a2200157Ia 4500
005 20250620033651.0
008 240331s9999 xx 000 0 und d
020 _a9559021176
082 _bEKA
_a322
100 _aEkanayake,S.B
245 0 _aManawa himikam prayogika patamalawa
260 _aSri Lanka
_bCentre for human Rights Studies- University of Colombo
_c1998
300 _a324 p .,
500 _aHuman Rights Practical Course
942 _cL
999 _c5024
_d5024